000 00523nam a22001697a 4500
005 20240917091115.0
008 231130b |||||||| |||| 00| 0 eng d
020 _a9780409006445 ; 9780409006452
041 _aEnglish / Afrikaans
082 _a340.06 ASS
100 _lEnglish / Afrikaans
245 _aThe Law Society of South Africa:
_bPractical Manual
260 _aDurban :
_bLexisNexis (Pty) Ltd,
_c1989
300 _c26 cm.
650 _aLegal practice
_bLaw
942 _cBK
_6ALISON_BN_VRIES
999 _c1076
_d1076